00781nam a2200193 i 450000100060000000300090000600500170001500700030003200800410003510000230007624501770009926000670027630000290034349000770037265000250044970000270047483000660050185200200056790590ES-MaACL20250809064503.0t|050121s1956 sp ||||1| spa d1 aLehmann, Heinrich.10aTratado de derecho civil. nVol. I, pParte genera / cHeinrich Lehamnn ; traducción de la última edición alemana con notas de derecho español por José Mª Navas. aMadrid : bRevista de Derecho Privado, c[1956] (fGonzález) aXXIII, 707 p. ; c23 cm.1 aSerie C: Grandes tratados generales de derecho privado y público ;v3907aDerecho civil2embne1 aNavas, José María.00aGrandes tratados generales de derecho privado y públicov39 aES-MaACLjP-752